Текст томруулах:    
Japanese colleges and universities 1989 (Бичлэгийн дугаар. 145835)
000 -УДИРДЛАГА
Удирдлага 00956nam a22002897a 4500
003 - ХЯНАЛТЫН ТОО ТОДОРХОЙЛОГЧ
Код MN-UlNUM
005 - БИЧИЛТ ХИЙСЭН ОГНОО
Тухайн бичилтийг бичсэн засварласан сүүлийн огноо 20251203110105.0
008 - ЕРӨНХИЙ МЭДЭЭЛЭЛ
Ерөнхий мэдээлэл 251203s1989 jau|||||r|||| 00| 0 eng c
020 ## - ISBN
ISBN 4621033573
040 ## - БИЧЛЭГ ҮҮСГЭГЧ БАЙГУУЛЛАГА
Бичлэг үүсгэгч номын сангийн код МУИС-ийн номын сан
084 ## - ББК АНГИЛАЛ
Нэмэлт тусгалт Гарын авлага
ББК ангилал 74.5
Зохиогчийн гурван тэмдэгт J 24
Мэдлэгийн ялгаа 74 - Боловсрол
245 00 - ҮНДСЭН ГАРЧИГ
Номын нэр Japanese colleges and universities 1989
Бага гарчгийн мэдээ A guide to institutions of higher education in Japan
260 ## - ГАРАЛТЫН МЭДЭЭ
Хэвлэгдсэн газар Tokyo :
Хэвлэлийн газар Maruzen Co.,
Хэвлэгдсэн он 1989.
300 ## - МАТЕРИАЛЫН ТОДОРХОЙЛОЛТ
хуудасны тоо 731p.:
500 ## - Тайлбар
Дансны дугаар БС 4509
546 ## - ХЭЛНИЙ ТУХАЙ МЭДЭЭ
Хэл Англи хэл дээр,
653 ## - Түлхүүр үг
Түлхүүр үг universities and colleges
653 ## - Түлхүүр үг
Түлхүүр үг directories.
653 ## - Түлхүүр үг
Түлхүүр үг répertoires.
653 ## - Түлхүүр үг
Түлхүүр үг japan
740 ## - НОМЫН ГАРЧИГ
Гарчиг Descriptions of the Colleges andUniversities in Japan
740 ## - НОМЫН ГАРЧИГ
Гарчиг Japanese Government (Monbusho) Scholarships (1988-89)
740 ## - НОМЫН ГАРЧИГ
Гарчиг Preparatory Japanese Language Programs associated with the Universities
740 ## - НОМЫН ГАРЧИГ
Гарчиг Japanese and English Name List of the Colleges and Universities
942 ## - ЭЛЕМЕНТИЙН ТӨРӨЛ
Зүйлийн төрөл Ном